Introduction to public administration/ (Record no. 12070)

MARC details
000 -LEADER
fixed length control field 00565nam a22002057a 4500
005 - DATE AND TIME OF LATEST TRANSACTION
control field 20260515115052.0
008 - FIXED-LENGTH DATA ELEMENTS--GENERAL INFORMATION
fixed length control field 250301b |||||||| |||| 00| 0 eng d
020 ## - INTERNATIONAL STANDARD BOOK NUMBER
International Standard Book Number 9789364400145
040 ## - CATALOGING SOURCE
Original cataloging agency IN-DiNC
Transcribing agency IN-DiNC
041 ## - LANGUAGE CODE
Language code of sung or spoken text eng
082 ## - DEWEY DECIMAL CLASSIFICATION NUMBER
Classification number 351
Item number SAH
100 ## - MAIN ENTRY--PERSONAL NAME
Personal name Sah, Santosh Kumar
Relator term author
245 ## - TITLE STATEMENT
Title Introduction to public administration/
Statement of responsibility, etc. by Santosh Kumar Sahu
250 ## - EDITION STATEMENT
Edition statement 1st ed.
260 ## - PUBLICATION, DISTRIBUTION, ETC.
Place of publication, distribution, etc. Ludhiana:
Name of publisher, distributor, etc. Kalyani,
Date of publication, distribution, etc. 2025.
300 ## - PHYSICAL DESCRIPTION
Extent 5.62p.
650 ## - SUBJECT ADDED ENTRY--TOPICAL TERM
Topical term or geographic name entry element Public Administration
700 ## - ADDED ENTRY--PERSONAL NAME
Personal name Santosh Kumar Sahu
Relator term author
942 ## - ADDED ENTRY ELEMENTS (KOHA)
Source of classification or shelving scheme Dewey Decimal Classification
Koha item type Books
Holdings
Withdrawn status Lost status Source of classification or shelving scheme Damaged status Not for loan Collection Home library Current library Shelving location Date acquired Cost, normal purchase price Total checkouts Full call number Barcode Date last seen Date last checked out Copy number Price effective from Koha item type
    Dewey Decimal Classification       Naharkatiya College Library Naharkatiya College Library General stacks 03/01/2025 275.00 2 351 SAH 30637 02/13/2026 04/24/2025 1 03/01/2025 Books
    Dewey Decimal Classification       Naharkatiya College Library Naharkatiya College Library General stacks 03/01/2025 275.00 5 351 SAH 30638 03/23/2026 03/23/2026 2 03/01/2025 Books